| 000 | 00471nam a2200181Ia 4500 | ||
|---|---|---|---|
| 005 | 20250423100251.0 | ||
| 008 | 250422s9999 xx 000 0 und d | ||
| 020 | _a9781555631383 | ||
| 050 | _aTN 871.25 .H55/ | ||
| 100 | _aHill, A.D. | ||
| 245 | 0 | _aMultilateral wells | |
| 260 | _aUnited state | ||
| 260 | _bSociety of petroleum engineers | ||
| 260 | _c2008 | ||
| 300 | _a191 p | ||
| 650 | _a Horizontal oil well drilling. Directional drilling. | ||
| 942 | _cBK | ||
| 999 |
_c32788 _d32788 |
||